Jóvenes: una evaluación del conocimiento. La Investigación sobre juventud en México 1986-1999 /

Guardat en:
Dades bibliogràfiques
Autor principal: Pérez Islas, José Antonio
Autor corporatiu: Instituto Mexicano de la Juventud, Centro de Investicación y Estudios sobre Juventud
Format: Text
Publicat: México, D.F.: IMJ
Matèries:
Etiquetes: Afegir etiqueta
Sense etiquetes, Sigues el primer a etiquetar aquest registre!

MARC

LEADER 00000 a a2200000 04500
001 26759
003
040
020 |a 968-5224-03-X  
090 |a 149614  
100 |a Pérez Islas, José Antonio  
110 |a Instituto Mexicano de la Juventud  
245 |a Jóvenes: una evaluación del conocimiento. La Investigación sobre juventud en México 1986-1999 /  |c Instituto Mexicano de la Juventud  
260 |a México, D.F.:   |b IMJ  
300 |a 634 p. en II tomos  
650 |a JUVENTUD  
650 |a POLITICA SOCIAL  
650 |a DROGAS DE USO INDEBIDO  
650 |a VIOLENCIA  
710 |a Centro de Investicación y Estudios sobre Juventud  
999 |c 1219  |d 1219